La Liga 2025-2026 - Statistiques

Statistiques générales
  • Ce quiz a été pris 27 fois
    2 depuis la dernière actualisation
  • Le résultat moyen est 12 sur 20
Statistiques - réponses
Équipe % Correct
Athletic Club
100%
Atlético de Madrid
100%
FC Barcelone
100%
Real Betis
100%
Real Madrid
100%
Séville FC
100%
CA Osasuna
50%
Deportivo Alavés
50%
Elche CF
50%
Espanyol de Barcelone
50%
Girona FC
50%
Levante UD
50%
Rayo Vallecano
50%
RCD Majorque
50%
Real Oviedo
50%
Real Sociedad
50%
Valence CF
50%
Villarreal CF
50%
Celta de Vigo
0%
Getafe CF
0%
Aucun quiz correspondant
Distribution des résultats
% des personnes avec chaque résultat
Percentile par nombre de réponses
Votre historique - résultats
Vous n’avez pas pris ce quiz depuis la dernière actualisation